| 000 | 00606nam a2200193 a 4500 | ||
|---|---|---|---|
| 005 | 20140414093832.0 | ||
| 008 | 020927s19uu xx 00 eng d | ||
| 050 |
_aVHS 900 _bOR 14 |
||
| 100 | _aTime Life | ||
| 245 |
_aTibet _bthe end of time |
||
| 260 |
_aSingapore _bTime Life Asia _cc1995 |
||
| 300 | _a48 mins. | ||
| 440 | _aTime Life's Civilization | ||
| 500 | _anarrated by Sam Waterston | ||
| 520 | _aIsolated within the towering sanctuary of the Himalayas,Tibet developed a culture unique in the history of the world civilization. | ||
| 650 | _aHistory | ||
| 942 | _cAVM | ||
| 999 |
_c108800 _d108800 |
||